Normal view
MARC view
Entry Personal Name
001 - CONTROL NUMBER
- control field: 62941
003 - CONTROL NUMBER IDENTIFIER
- control field: dpl
005 - DATE AND TIME OF LATEST TRANSACTION
- control field: 20240307151854.0
008 - FIXED-LENGTH DATA ELEMENTS
- fixed length control field: 240307|| aca||aabn | a|a d
040 ## - CATALOGING SOURCE
- Original cataloging agency: dpl
- Transcribing agency: dpl
100 ## - HEADING--PERSONAL NAME
- Personal name: दिनेशमणि त्रिपाठी द्वारा संपादित
670 ## - SOURCE DATA FOUND
- Source citation: Work cat.: (dpl)201244: रिश्ता/, 2022
